• 首页
  • 本馆介绍
  • 公告通知
  • 最新文献
  • 馆藏检索
  • 电子资源
  • 读者荐购
  • 参考咨询
  • CALIS
  • 我的图书馆
  • 登录
  • 详细信息显示
  • 放入我的书架
  • 预约/预借图书
  • 作者相关作品
  • 分类相关作品
  • 丛书相关作品
  • 出版社相关作品

书目信息

  • 表格格式
  • 工作单格式
  • 卡片格式
题名:
机器学习贝叶斯优化
    
 
作者: 阮泉 著 ;殷海英 译
分册:  
出版信息: 北京   清华大学出版社  2025.04
页数: XX, 327页
开本: 24cm
丛书名:
单 册:
中图分类: TP181
科图分类:
主题词: 机器学习--ji qi xue xi--研究
电子资源:
ISBN: 978-7-302-68469-5
 
 
 
 
 
000 01227nam0 2200289 450
001 89562
005 20250814164607.33
010    @a978-7-302-68469-5@dCNY99.80
099    @aCAL 012025050610
100    @a20250515d2025 emky0chiy50 ea
101 1  @achi@ceng
102    @aCN@b110000
105    @aa z 000yy
106    @ar
200 1  @a机器学习贝叶斯优化@Aji qi xue xi bei ye si you hua@f(美) 阮泉著@g殷海英译
210    @a北京@c清华大学出版社@d2025.04
215    @aXX, 327页@c图@d24cm
305    @a据Manning Publications, 2023年英文版译出
314    @a阮泉 (Quan Nguyen), 是一名Python程序员和机器学习爱好者。他对解决涉及不确定性的决策问题很感兴趣。殷海英, 甲骨文 (中国) 软件系统有限公司, 首席咨询顾问, 硕士研究生导师, 博士研究生校外导师, 主要研究方向数据科学与机器视觉。
330    @a本书深入贝叶斯优化的工作原理, 并学习如何使用最先进的Python库来实现它。本书易于重用的代码示例让读者可以通过将它们直接插入自己的项目来开始运行。
500 10 @aBayesian optimization in action@mChinese
606 0  @a机器学习@Aji qi xue xi@x研究
690    @aTP181@v5
701  0 @a阮泉@Aruan quan@g(Nguyen, Quan)@4著
702  0 @a殷海英@Ayin hai ying@4译
801  0 @aCN@c20250909
905    @a河南城建学院图书馆@dTP181@eR885@f1
    
    机器学习贝叶斯优化/(美) 阮泉著/殷海英译.-北京:清华大学出版社,2025.04
    XX, 327页:图;24cm
    
    
    ISBN 978-7-302-68469-5:CNY99.80
    本书深入贝叶斯优化的工作原理, 并学习如何使用最先进的Python库来实现它。本书易于重用的代码示例让读者可以通过将它们直接插入自己的项目来开始运行。
●
相关链接 在E读中查询图书 在当当中查询图书 在豆瓣中查询图书


正题名:机器学习贝叶斯优化     索取号:TP181/R885         预约/预借

序号 登录号 条形码 馆藏地/架位号 状态 备注
1 1623524   216235241   自科库301/301自科库 39排1列4层/ [索取号:TP181/R885] 在馆    
河南城建学院图书馆 欢迎您!
大连网信软件有限公司© 版权所有